000 00713nam a2200265Ia 4500
005 20260302114826.0
008 008 260114s9999 xx 000 0 eng d
020 _a9781350174016
037 _aTextbook
040 _aCRL
040 _beng
040 _cCRL
041 _2eng
041 _aeng
084 _qCRL
100 _aPhilip Goldfarb Styrt
_91119877
245 0 _aShakespeare's Political Imagination The Historicism of Setting
260 _bBloomsbury
260 _bThe Arden Shakespeare
260 _c2021
650 _aLiterary Studies
856 _uhttps://doi.org/10.5040/9781350174016?locatt=label:secondary_bloomsburyCollections
942 _cEBOOK
999 _c1683975
_d1683975